| 000 | 01160cam a22001934a 4500 | ||
|---|---|---|---|
| 005 | 20250605164007.0 | ||
| 008 | 250528s ||||||||||||||||||||||||d | ||
| 035 | _a15829 | ||
| 020 | _a1850009554 | ||
| 040 |
_aGR-AtMCL _bgre _dGR-AtMCL _eAACR2 |
||
| 245 | 1 | _aCriminal Behavior / A Psychological Approach to Explanation and Prevention | |
| 260 |
_bPsychology Press, _c1992 |
||
| 300 | _a192 | ||
| 520 | _aAn overview of contemporary theory and research on the topic of Criminal Behaviour. List of Tables and Figures, Acknowledgements, Criminal Behaviour: What Is It?, Criminal Behaviour: How Much of It?, Explaining Criminal Behaviour: Biology and Personality, Explaining Criminal Behaviour: Learning and Cognition and Age, Explaining Criminal Behaviour: Social Factors, Explaining Criminal Behaviour: The Special Case of Mental Disorder, Preventing Criminal Behaviour: Punishment and Deterrence and Retribution, Preventing Criminal Behaviour: Rehabilitation, Criminal Behaviour and Expanation and Prevention: The Example of Violence, Postscript, References, Index. | ||
| 700 | 1 |
_aHollin Clive _91834 |
|
| 942 | _cBK | ||
| 999 |
_c1379 _d1379 |
||